| 000 | 01149nam a2200313 a 4500 | ||
|---|---|---|---|
| 001 | 000043229 | ||
| 003 | DO-SdBNP | ||
| 005 | 20240530073936.0 | ||
| 007 | ta | ||
| 008 | 140226s2014 dr ac 001 ebspa d | ||
| 020 | _a9789993446262 | ||
| 040 |
_aDO-SdBNP _bspa _cBNPHU |
||
| 082 | 4 |
_aPR861.4409 _bV422zR _222 |
|
| 100 | 1 |
_aRosario Candelier, Bruno, _d1941- _9851 |
|
| 245 | 1 | 3 |
_aLa experiencia cuántica en la poesía de José Luis Vega / _cBruno Rosario Candelier. |
| 260 |
_aSanto Domingo : _bAteneo Insular Internación, _c2014. |
||
| 300 |
_a140 p. : _bil., retr. ; _c24 cm. |
||
| 490 | 1 |
_aPor las Amenas Liras; _v14 |
|
| 590 | _aInventariado, 2019/LP | ||
| 600 | 1 | 0 |
_aVega, José Luis, _t1948- _xCrítica e interpretación _970819 |
| 650 | 4 |
_aPoesía puertorriqueña _xHistoria y crítica _98219 |
|
| 650 | 0 |
_aEnsayos dominicanos _965 |
|
| 650 | 4 |
_aAutores puertorriqueños _xCrítica e interpretación _938783 |
|
| 650 | 0 |
_aLiteratura dominicana. _967 |
|
| 650 | 4 |
_aLiteratura puertorriqueña _xHistoria y crítica _92838 |
|
| 830 | 0 |
_aPor las Amenas Liras _v14 _961936 |
|
| 910 | _aValidado. Control de calidad EMS | ||
| 942 |
_2ddc _cLBS1 |
||
| 999 |
_c42718 _d42718 |
||